000 00735cam a22002413a 4500
001 28606
003 PGUSA
005 20140828083622.0
008 090425s2009||||xxu|||||s|||||000 | eng d
040 _aPGUSA
_beng
042 _adc
050 4 _aPA
100 1 _aLucian, of Samosata,
_d120-180
245 1 0 _aΛουκιανός - Άπαντα, Τόμος Έκτος
_h[electronic resource] /
_cof Samosata Lucian
260 _bProject Gutenberg,
_c2009
506 _aPublic domain in the USA.
516 _aElectronic text
700 1 _aKondylakes, Ioannes,
_d1861-1920
740 0 _aLucian - The Complete Works, Volume 6
830 0 _aProject Gutenberg
_v28606
856 4 0 _uhttp://www.gutenberg.org/ebooks/28606
942 _cEB
999 _c257861
_d257861